000 01018cam a22003135a 4500
001 3206
005 20240219145050.0
020 _a9780545097390
040 _aDLC
_cDLC
_dDLC
_beng
050 0 0 _aPZ7.J154365
_b 2009
082 0 0 _a423
100 1 _aJames, Sabrina
245 1 0 _aBe mine /
_cby James, Sabrina
250 _aFirst edition, January 2009
260 _aNew York :
_bPoint ,
_c2009
300 _a323 pages :
_billustrations ;
_c18cm .
505 _aO
520 _aWhen she brags that she is entering the competition for the most romantic couple of the Valentine's Day Dance, Jennifer has only one problem--she needs a boyfriend.
521 _a600
_bLexile
521 _aO
_bRaz-Plus
650 1 _aDating
_vFiction.
650 1 _aValentine's Day
_vFiction.
650 1 _aHigh schools
_vFiction.
650 1 _aSchools
_vFiction.
650 1 _aFriendship
_vFiction.
655 7 _aYoung adult fiction.
_2lcsh
906 _a7
_brip
_corignew
_d1
_eecip
_f20
_gy-genrareb
942 _2ddc
_cBK
_n0
999 _c3206
_d3206